00000000nam 2200000za 4500
0019.845902
003CaOODSP
00520240206145613
007cr |||||||||||
008171103s2017    qucabd  ob   f000 0 fre d
020 |a978-0-660-23670-4
040 |aCaOODSP|bfre
043 |an-cn-on
0861 |aTU3-6/15-0173-1F-PDF
1102 |aBureau de la sécurité des transports du Canada.
24510|aCompagnie des chemins de fer nationaux du Canada, rame de wagons et train A42241-29, point milliaire 0,0, subdivision de Halton, triage MacMillan, Concord (Ontario), 29 juillet 2015 |h[ressource électronique].
260 |aGatineau, QC : |bBureau de la sécurité des transports du Canada, |cc2017.
300 |aiv, 66 p. : |bcartes en coul., graph. en coul., ill. (principalement en coul.)
4901 |aRapport d'enquête ferroviaire ; |vR15T0173
500 |aPubl. aussi en anglais sous le titre : Non-main-track runaway, collision and derailment, Canadian National Railway Company, cut of cars and train A42241-29, mile 0.0, Halton subdivision, MacMillan Yard, Concord, Ontario.
504 |aComprend des références bibliographiques.
520 |a« Le 29 juillet 2015, vers 13 h 30, heure avancée de l’Est, une rame de 91 wagons de marchandises mixtes s’est dételée des locomotives sur la voie de refoulement est, au triage MacMillan de la Compagnie des chemins de fer nationaux du Canada. Cette rame de wagons, avec en tête 24 wagons-citernes chargés de pétrole brut (UN 1267), est partie à la dérive jusque sur la voie R-13, où elle a percuté le train A42241-29 (train 422) de plein fouet à environ 13 mi/h. Même si aucun des wagons de la rame de wagons n’a quitté les rails, les locomotives à la tête du train 422 ont été refoulées de 350 pieds, et 10 wagons de ce train ont déraillé de la voie R-13. Un wagon sur la voie R-11 adjacente a également déraillé. Le matériel roulant déraillé comprenait un wagon-citerne vide (résidus) ayant contenu en dernier lieu de l’acide sulfurique (UN 1830). Un second wagon sur la voie R-11 et 1 wagon sur la voie R-10 ont été endommagés. Un tronçon d’environ 585 pieds de voie a été endommagé. Il n’y a eu aucun déversement de produit ni aucun blessé » -- Sommaire, p. de t.
69207|2gccst|aAccident ferroviaire
69207|2gccst|aEnquête
77508|tNon-main-track runaway, collision and derailment, Canadian National Railway Company, cut of cars and train A42241-29, mile 0.0, Halton subdivision, MacMillan Yard, Concord, Ontario |w(CaOODSP)9.845901
794 |tDérive, collision et déraillement de matériel roulant en voie non principale, Compagnie des chemins de fer nationaux du Canada, rame de wagons et train A42241-29, point milliaire 0,0, subdivision de Halton, triage MacMillan, Concord (Ontario), 29 juillet 2015.|w(CaOODSP)9.920980
830#0|aRapport d'enquête sur un accident ferroviaire ;|vR15T0173|w(CaOODSP)9.501252
85640|qPDF|s1.30 Mo|uhttps://publications.gc.ca/collections/collection_2017/bst-tsb/TU3-6-15-0173-1-fra.pdf